000 00413nam a2200133 i 4500
001 bg
245 0 _aBadania geologiczno-inżynierskie dla potrzeb budownictwa na obszarach zaburzonych glacitektonicznie Ziemi Lubuskiej :
_bsympozjum naukowe.
260 _aZielona Góra,
_c1974.
040 _cBPK
041 _apol
080 _a624.13:55:528](061.3)
942 _cKS
008 s pl f |000 0 pol
999 _c26155
_d26155
856 _uhttp://koha.tu.koszalin.pl/cgi-bin/koha/opac-detail.pl?biblionumber=26155
_yKatalog online BPK